Manchester United Players - Sudden Death - Statistics

General Stats
  • This quiz has been taken 3,132 times
  • The average score is 10 of 15
Answers on the Grid
Answers color-coded by a green-red scale on the quiz's grid according to % correct below.
Alf Ramsey
Andy Townsend
Antonio Valencia
Bobby Charlton
Bruce Grobbelaar
Cristiano Ronaldo
Danny Rose
Darius Vassell
David Beckham
David de Gea
David James
David Silva
Dennis Wise
Eden Hazard
Freddie Ljungberg
Gareth Barry
Gary Neville
Harry Maguire
Ian Rush
Jack Charlton
James Milner
Jamie Carragher
Jermain Defoe
Joe Cole
John Barnes
Kenny Dalglish
Kyle Walker
Leighton Baines
Lucas Leiva
Marcus Rashford
Mark Hughes
Paul Gascoigne
Paul Scholes
Pepe
Peter Crouch
Peter Schmeichel
Peter Shilton
Ricardo Quaresma
Richard Dunne
Roy Keane
Ryan Giggs
Samir Nasri
Scott McTominay
Stuart Pearce
Terry Venables
Wayne Rooney
William Gallas
Zinedine Zidane
 
Answer Stats
Answer % Correct
Cristiano Ronaldo
89%
David Beckham
86%
David de Gea
83%
Bobby Charlton
79%
Antonio Valencia
78%
Harry Maguire
72%
Gary Neville
67%
Marcus Rashford
63%
Paul Scholes
61%
Wayne Rooney
61%
Ryan Giggs
60%
Roy Keane
59%
Scott McTominay
58%
Peter Schmeichel
57%
Mark Hughes
34%
No matching quizzes found
Score Distribution
Percent of People with Each Score
Percentile by Number Answered
Your Score History
You have not taken this quiz